000 00579cam a22002051 4500
001 ca 36001338
003 DLC
005 20260227111143.0
008 790723s1929 mau 000 0 eng
010 _aca 36001338
035 _a(OCoLC)5200496
040 _aDLC
_cOCl
_dDLC
042 _apremarc
050 0 0 _aPN4305.N6
_bK4
082 _a791.1
100 1 _aKaser, Arthur LeRoy,
_d1890-
245 1 4 _aThe parody ladies minstrel,
_ba minstrel first part for ladies,
_cby Arthur LeRoy Kaser.
260 _aBoston,
_bWalter H. Baker company
_c[c1929]
300 _a21 p.
_c19 cm.
999 _c18253
_d18253